Study guide to accompany McConnell and Brue twelfth edition economics/ (Record no. 1525)
[ view plain ]
| 000 -LEADER | |
|---|---|
| fixed length control field | 01752nam a22001817a 4500 |
| 020 ## - INTERNATIONAL STANDARD BOOK NUMBER | |
| ISBN | 0070455902 |
| 022 ## - INTERNATIONAL STANDARD SERIAL NUMBER | |
| ISSN | 9780070455900 |
| 050 ## - CALL NUMBER | |
| Classification number | HB171.5 |
| 100 ## - AUTHOR | |
| Personal name | William B. Walstad |
| 110 ## - AUTHOR | |
| CORPORATE AUTHOR | Robert C. Bingham |
| 245 ## - TITLE | |
| Title | Study guide to accompany McConnell and Brue twelfth edition economics/ |
| Statement of responsibility, etc | William B. Walstad, Robert C. Bingham. |
| 250 ## - EDITION | |
| Edition statement | 12th ed. |
| 260 ## - PUBLICATION INFORMATION | |
| Place of publication | New York : |
| Name of publisher | McGraw-Hill, |
| Year of publication | ©1993. |
| 300 ## - DESCRIPTION | |
| Number of Pages | xii, 509 pages ; |
| Other physical details | ill. |
| Dimensions | 26 cm |
| 505 ## - FORMATTED CONTENTS NOTE | |
| Table of Content | The nature and method of economics; the economizing problem; pure capitalism and the circular flow; understanding individual markets - supply and demand; the private sectors and the market system; the public sector; measuring national output, national income and the price level; macroeconomic instability - unemployment and inflation; aggregate demand and aggregate supply; classical and Keynesian theories of unemployment; equilibrium domestic output in the Keynesian model; fiscal policy; money and banking; how banks create money; the Federal Reserve Banks and monetary policy; alternative views - monetarism and rational expectations; the inflation-unemployment relationship; budget deficits and the public debt; economic growth; demand, supply and elasticity; consumer behaviour and utility maximization; the costs of production; price and output determination - pure competition, pure monopoly, monopolistic competition; oligopoly; production and the demand for economic resources; the pricing and employment of resources - wage determinaiton, rent, interest and profits; general equilibrium - the market system and its operation; government and current economic problems; international economics and the world economy. |
| 700 ## - OTHER AUTHORS | |
| Personal name | Robert C. Bingham |
| 942 ## - ADDED ENTRY ELEMENTS (KOHA) | |
| Koha item type | Books |
| Withdrawn status | Lost status | Home library | Current library | Date acquired | Full call number | Accession Number | Copy number | Koha item type | Shelving location | Collection code |
|---|---|---|---|---|---|---|---|---|---|---|
| Methodist University Library Main | Methodist University Library Main | 08/01/2018 | HB171.5 | 11600 | 1 | Books | ||||
| Methodist University Library Main | Methodist University Library Main | HB171.5 | 11598 | 2 | Books | General Stacks | ||||
| Methodist University Library Main | Methodist University Library Main | HB171.5 | 11599 | 3 | Books | General Stacks | ||||
| Methodist University Library Main | Methodist University Library Main | HB171.5 | 11597 | 4 | Books | General Stacks | Reference | |||
| Methodist University Library Main | Methodist University Library Main | HB171.5 | 11596 | 5 | Books | General Stacks | Reference |